MARC

LEADER 00000nam0a2200000 4500
001 306483
005 20231102001911.0
035 |a (RuTPU)RU\TPU\book\331760 
090 |a 306483 
100 |a 20151008d1983 m y0rusy50 ca 
101 0 |a rus 
102 |a RU 
105 |a a j 001zy 
200 1 |a Расчет светоперераспределяющих устройств прожекторов  |e учебное пособие  |f Г. М. Малофиенко  |g Томский политехнический институт (ТПИ) 
210 |a Томск  |c Изд-во ТПИ  |d 1983 
215 |a 93 с.  |c ил. 
320 |a Библиогр.: с. 91 
606 |a Прожекторы  |2 stltpush  |3 (RuTPU)RU\TPU\subj\51941  |9 70440 
606 1 |a Прожекторы  |2 stltpush  |3 (RuTPU)RU\TPU\subj\51941  |9 70440 
610 1 |a понятия 
610 1 |a определения 
610 1 |a оптические устройства 
610 1 |a расчет 
610 1 |a параболоидные зеркальные отражатели 
610 1 |a линзовые прожекторы 
610 1 |a учебные пособия 
675 |a 628.94(075.8)  |v 4 
700 1 |a Малофиенко  |b Г. М.  |g Григорий Михайлович 
712 0 2 |a Томский политехнический институт (ТПИ)  |c (1944-1991)  |2 stltpush  |3 (RuTPU)RU\TPU\col\1123 
801 1 |a RU  |b 63413507  |c 20151008 
801 2 |a RU  |b 63413507  |c 20190528  |g RCR 
942 |c BK